Účtovná závierka ako zdroj informácií pre finančno-ekonomickú analýzu podniku bakalárska práca

Salvato in:
Dettagli Bibliografici
Autore principale: Nevlaha, Radovan
Ente Autore: Podnikovohospodárska fakulta EU so sídlom v Košiciach. Katedra finančného riadenia podniku
Altri autori: Manová, Eva, 1957-
Natura: Libro
Lingua:slovacco
Pubblicazione: Košice 2025
Tags: Aggiungi Tag
Nessun Tag, puoi essere il primo ad aggiungerne!!

MARC

LEADER 00000nbm a2200000 4500
001 0310875
005 20260204085054.5
041 0 |a slo 
044 |a SK 
245 1 0 |a Účtovná závierka ako zdroj informácií pre finančno-ekonomickú analýzu podniku  |b bakalárska práca  |c Radovan Nevlaha ; školiteľ: Eva Manová 
264 1 |a Košice  |c 2025 
300 |a 60 s. 
100 1 |a Nevlaha, Radovan 
700 1 |a Manová, Eva, 1957- 
710 2 |a Podnikovohospodárska fakulta EU so sídlom v Košiciach. Katedra finančného riadenia podniku